Distinguish to unite or the degrees of knowledge. (Record no. 200571)

MARC details
000 -LEADER
fixed length control field 00380nam a2200145Ia 4500
008 - FIXED-LENGTH DATA ELEMENTS--GENERAL INFORMATION
fixed length control field 210716s1959 xx 000 0 und d
041 ## - LANGUAGE CODE
Language code of text/sound track or separate title eng
082 ## - DEWEY DECIMAL CLASSIFICATION NUMBER
Classification number 150 MARJ
100 ## - MAIN ENTRY--PERSONAL NAME
Personal name Maritain, Jacques.
245 ## - TITLE STATEMENT
Title Distinguish to unite or the degrees of knowledge.
250 ## - EDITION STATEMENT
Edition statement 1
260 ## - PUBLICATION, DISTRIBUTION, ETC.
Place of publication, distribution, etc. New York
Name of publisher, distributor, etc. Charles Scribners Sons
Date of publication, distribution, etc. 1959
300 ## - PHYSICAL DESCRIPTION
Extent xix,476
650 ## - SUBJECT ADDED ENTRY--TOPICAL TERM
Topical term or geographic name entry element Psychology
Holdings
Withdrawn status Lost status Damaged status Not for loan Collection code Home library Current library Date acquired Total Checkouts Full call number Barcode Date last seen Price effective from Koha item type
        MBA St Aloysius Institute of Management & Information Technology St Aloysius Institute of Management & Information Technology 02/18/2006   150 MARJ MBA03136 05/23/2026 07/16/2021 Book